Top 10 New York Mets of All-Time - Statistics

General Stats
  • This quiz has been taken 5,099 times
    4,045 since last reset
  • The average score is 6 of 10
Answer Stats
WAR Years Position Answer % Correct
67.7 1967-1977, 1983 P Tom Seaver
91%
51.2 2004-2018 3B David Wright
90%
41.1 2014-2022 P Jacob deGrom
83%
35.5 1983-1990 OF Darryl Strawberry
77%
52.4 1984-1994 P Dwight Gooden
77%
33.2 2003-2011, 2016-2018 SS Jose Reyes
73%
29.3 2005-2011 OF Carlos Beltrán
55%
41.1 1967-1978 P Jerry Koosman
39%
29.0 1995-2002, 2006 2B/3B Edgardo Alfonzo
20%
28.7 1971-1977 P Jon Matlack
17%
No matching quizzes found
Score Distribution
Percent of People with Each Score
Percentile by Number Answered
Your Score History
You have not taken this quiz since the last reset